Wave propagation.

Bibliographic Details
Main Author: Tolstoy, Ivan, 1923-
Format: Book
Language:English
Published: New York : McGraw-Hill, [1973]
Series:International series in the earth and planetary sciences.
Subjects:

MARC

Tag First Indicator Second Indicator Subfields
LEADER 00000pam a2200000 4500
001 in00000480596
005 20151013060331.0
008 721213s1973 nyua b 00000 eng
010 |a  72013671  
020 |a 0070649448 
035 |a (OCoLC)00533603 
035 |9 ACC7686AM 
040 |a DLC  |c DLC  |d TXA  |d UtOrBLW 
049 |a TXAM  |c 1 [921777], 2 [1511452] 
050 0 0 |a QA927  |b .T65 
082 0 |a 531/.1133 
100 1 |a Tolstoy, Ivan,  |d 1923- 
245 1 0 |a Wave propagation. 
264 1 |a New York :  |b McGraw-Hill,  |c [1973] 
300 |a xiii, 466 pages :  |b illustrations ;  |c 23 cm. 
336 |a text  |b txt  |2 rdacontent 
337 |a unmediated  |b n  |2 rdamedia 
338 |a volume  |b nc  |2 rdacarrier 
490 1 |a McGraw-Hill international series in the earth and planetary sciences 
504 |a Includes bibliographies. 
650 0 |a Wave-motion, Theory of. 
830 0 |a International series in the earth and planetary sciences. 
999 |a MARS 
999 f f |s e3e3d627-c38a-3d54-af9a-2e64c41ae661  |i 2d653a60-38fa-3954-b9af-a5519e3f3868  |t 0 
952 f f |p ric  |a Texas A&M University  |b Rellis Campus  |c Joint Library Facility  |s JLF  |d Remote Storage  |t 0  |e QA 927 .T65  |h Library of Congress classification  |i unmediated -- volume  |m 33620000569497 
952 f f |p ric  |a Texas A&M University  |b Rellis Campus  |c Joint Library Facility  |s JLF  |d Remote Storage  |t 0  |e QA927 .T65  |h Library of Congress classification  |i unmediated -- volume  |m A14804568031 
998 f f |a QA 927 .T65  |t 0  |l Remote Storage 
998 f f |a QA927 .T65  |t 0  |l Remote Storage